000 00362nam a2200145 i 4500
001 bg
100 1 _aRZECZKOWSKI, M.
245 0 _aPoradnik analityka wartości /
_cM. Rzeczkowski, T. Zaborowski.
260 _aGorzów Wlkp.,
_c1981.
700 1 _aZABOROWSKI, T.
040 _cBPK
041 _apol
942 _cKS
008 s pl f |000 0 pol
999 _c22095
_d22095
856 _uhttp://koha.tu.koszalin.pl/cgi-bin/koha/opac-detail.pl?biblionumber=22095
_yKatalog online BPK